<?xml version="1.0" encoding="UTF-8"?>
<record
    xmlns:xsi="http://www.w3.org/2001/XMLSchema-instance"
    xsi:schemaLocation="http://www.loc.gov/MARC21/slim http://www.loc.gov/standards/marcxml/schema/MARC21slim.xsd"
    xmlns="http://www.loc.gov/MARC21/slim">

  <leader>00731cam a22002171  4500</leader>
  <controlfield tag="001">ne 68001333 </controlfield>
  <controlfield tag="003">DLC</controlfield>
  <controlfield tag="005">20260227111840.0</controlfield>
  <controlfield tag="008">940405s1966    tu ac         000 1 tur  </controlfield>
  <datafield tag="010" ind1=" " ind2=" ">
    <subfield code="a">ne 68001333 </subfield>
  </datafield>
  <datafield tag="035" ind1=" " ind2=" ">
    <subfield code="a">(OCoLC)30090368</subfield>
  </datafield>
  <datafield tag="040" ind1=" " ind2=" ">
    <subfield code="a">DLC</subfield>
    <subfield code="c">CU</subfield>
    <subfield code="d">CU</subfield>
    <subfield code="d">DLC</subfield>
  </datafield>
  <datafield tag="042" ind1=" " ind2=" ">
    <subfield code="a">premarc</subfield>
  </datafield>
  <datafield tag="050" ind1="0" ind2="0">
    <subfield code="a">PL248.K75</subfield>
    <subfield code="b">K8</subfield>
  </datafield>
  <datafield tag="100" ind1="1" ind2=" ">
    <subfield code="a">Kozano&#x11F;lu, Aptullah Ziya,</subfield>
    <subfield code="d">1905-1966.</subfield>
  </datafield>
  <datafield tag="245" ind1="1" ind2="0">
    <subfield code="a">Kubil&#xE2;y Han&#x2BC;&#x131;n gelini.</subfield>
    <subfield code="b">T&#xFC;rk roman&#x131;.</subfield>
    <subfield code="c">&#x130;&#xE7; resmi Nezih &#x130;zmiro&#x11F;ullar&#x131;.</subfield>
  </datafield>
  <datafield tag="260" ind1=" " ind2=" ">
    <subfield code="a">&#x130;stanbul,</subfield>
    <subfield code="b">Atlas Kitabevi</subfield>
    <subfield code="c">[1966]</subfield>
  </datafield>
  <datafield tag="300" ind1=" " ind2=" ">
    <subfield code="a">255 p.</subfield>
    <subfield code="b">illus., port.</subfield>
    <subfield code="c">20 cm.</subfield>
  </datafield>
  <datafield tag="500" ind1=" " ind2=" ">
    <subfield code="a">"Bu eser, T&#xFC;rkiye Radyo ve Televizyon Kurumu i&#xE7;in radyofonik roman olarak yaz&#x131;lm&#x131;&#x15F; ..."</subfield>
  </datafield>
  <datafield tag="600" ind1="0" ind2="0">
    <subfield code="a">Kublai Khan,</subfield>
    <subfield code="d">1216-1294</subfield>
    <subfield code="v">Fiction.</subfield>
  </datafield>
  <datafield tag="999" ind1=" " ind2=" ">
    <subfield code="c">50273</subfield>
    <subfield code="d">50273</subfield>
  </datafield>
</record>
